UBT Library

Fundamentals of college physics / (Record no. 1223)

000 -LEADER
fixed length control field 00434nam a22001577a 4500
008 - FIXED-LENGTH DATA ELEMENTS--GENERAL INFORMATION
fixed length control field 151002b xxu||||| |||| 00| 0 eng d
020 ## - INTERNATIONAL STANDARD BOOK NUMBER
International Standard Book Number 0697121453
041 0# - LANGUAGE CODE
Language code of text/sound track or separate title eng
080 ## - UNIVERSAL DECIMAL CLASSIFICATION NUMBER
Universal Decimal Classification number 530.1
100 1# - Rafti
Rafti Nolan, Peter J.
245 10 - TITLE STATEMENT
Title Fundamentals of college physics /
Statement of responsibility, etc Peter J. Nolan.
260 ## -
-- Dubuque, Iowa :
-- Wm. C. Brown Publishers,
-- 1993.
300 ## -
-- xvii, 1069 f. :
-- me il.;
-- 29 cm.
650 #0 -
-- Fizik
942 ## - ADDED ENTRY ELEMENTS (KOHA)
Source of classification or shelving scheme
Item type Books
Holdings
Withdrawn status Lost status Source of classification or shelving scheme Damaged status Not for loan Collection code Permanent location Current location Shelving location Date acquired Total Checkouts Full call number Barcode Date last seen Koha item type
          Koleksioni i përgjithshem UBT - Lipjan UBT - Lipjan Koleksioni i përgjithshem 10/02/2015   530.1 NOL 002-008659 09/12/2017 Books
UBT Library © 2015-2024. All rights reserved University Education for Business and Technology